| 000 | 00766nam a22002177a 4500 | ||
|---|---|---|---|
| 999 |
_c9222 _d9222 |
||
| 003 | AR-CdUCM | ||
| 008 | 190327b ||||| |||| 00| 0 spa d | ||
| 040 |
_aMUNICIPALIDAD PROVINCIAL DEL CUSCO _cBIBLIOTECA MUNICIPAL DEL CUSCO |
||
| 082 |
_22ed. _a376.16 / _bIZ99 |
||
| 100 |
_aIzquierdo Rios, Francisco _91079 |
||
| 245 |
_aEl Arbol Blanco : _bCuentos para niños / |
||
| 260 |
_aLima : _bReprografica, _c1963. |
||
| 300 |
_a137 paginas ; _bilustraciones, dibujos, _c21 cm. |
||
| 500 | _aDonación de la familia Nieto Dedicatoria a Luis Nieto Ilustraciones de Francisco Izquierdo López. | ||
| 650 |
_aCuentos _9217 |
||
| 650 |
_aNiños _99390 |
||
| 650 |
_aLiteratura _983 |
||
| 700 |
_aIzquierdo López, Francisco _925288 |
||
| 942 |
_2ddc _cLIBROS |
||
| 945 | _apjha | ||